<The> Impact of productivity on the efficiency of Slovak economy
Na minha lista:
| Autor principal: | |
|---|---|
| Outros Autores: | |
| Formato: | Capítulo de Livro |
| Idioma: | inglês |
| Tags: |
Sem tags, seja o primeiro a adicionar uma tag!
|
MARC
| LEADER | 00000nla a2200000 4500 | ||
|---|---|---|---|
| 001 | 0238228 | ||
| 005 | 20240502073844.3 | ||
| 041 | 0 | |a eng | |
| 044 | |a SK | ||
| 245 | 1 | 0 | |a <The> Impact of productivity on the efficiency of Slovak economy |c Anna Rozkošová, Silvia Megyesiová |
| 500 | |a Abstrakt | ||
| 100 | 1 | |a Rozkošová, Anna | |
| 700 | 1 | |a Megyesiová, Silvia, 1969- | |